000 00754nas a2200241 4500
001 BR8201329
003 BR-BrBNA
005 20231205085056.0
007 ta
008 230509b bl.|||p| |||| 00| 00por d
040 _aBR-BrBNA
_bpor
_cBiblioteca Nacional de Agricultura
041 _a(Pt)
072 _aL30
100 1 _aSeiffert, N.F.
245 1 _aAlimentacao do rebanho de corte em epoca de seca [pastagem, feno, silagem]
650 _aGADO DE CORTE
650 _aPASTAGEM
650 _aFENO
650 _aSILAGEM
773 0 _tInforme Agropecuario - Empresa de Pesquisa Agropecuaria de Minas Gerais (Brazil)
_xISSN 0100-3364
_g(May 1982), v. 8(89) p. 20-27
_wBR8201329
909 _a202311
_bLúcia
_c55
_dLúcia Elande
942 _2AGRIS
_n0
_cANA
999 _c109048
_d109048